| 000 | 00782cam a22002415a 4500 | ||
|---|---|---|---|
| 999 |
_c27326 _d27297 |
||
| 005 | 20190403113228.0 | ||
| 008 | 160610s2017 enk frb 001 0 eng d | ||
| 020 | _a9781138909502 | ||
| 040 |
_aDLC _beng _cDLC _dDLC _dEG-ScBUE _dEG-ScBUE |
||
| 082 | 0 | 4 |
_a320.6 _bHIL _222 |
| 100 | 1 |
_aHill, Michael J. _q(Michael James), _d1937- |
|
| 245 | 1 | 4 |
_aThe public policy process / _cMichael Hill and Frederic Varone. |
| 250 | _a7th ed. | ||
| 260 |
_aOxon ; _aNew York : _bRoutledge / Taylor & Francis, _c2017. |
||
| 300 |
_axiii, 414 p. ; _c24 cm. |
||
| 504 | _aIncludes bibliographical references and index. | ||
| 650 | 7 |
_aPolicy sciences. _2BUEsh _913225 |
|
| 650 | 7 |
_aBureaucracy. _2BUEsh |
|
| 651 | _2BUEsh | ||
| 653 |
_bBUSBOL _cMarch2019 |
||
| 700 | 1 | _aVarone, Frederic. | |
| 942 | _2ddc | ||